[Event "XXV Miedzynarodowy Festiwal Szachowy w Poznaniu - OPEN A"]
[Site "Poznan"]
[Date "2017.08.22"]
[Round "4.6"]
[White "Bajerlein, Dawid "]
[Black "Zakrzewski, Marek"]
[Result "1/2-1/2"]
[WhiteTitle ""]
[BlackTitle ""]
[WhiteElo "2037"]
[BlackElo "2237"]

1. d4 Nf6 2. c4 e6 3. Nc3 Bb4 4. Qc2 Nc6 5. Nf3 d6 6. a3 Bxc3+ 7. Qxc3 O-O 8. b4
e5 9. dxe5 Nxe5 10. Nxe5 dxe5 11. g3 Bg4 12. f3 Bh5 13. e4 a5 14. Be2 axb4 15.
axb4 Rxa1 16. Qxa1 Qe7 17. c5 Rd8 18. Be3 c6 19. h4 Bg6 20. O-O Qe6 21. Rd1 Re8
22. Qa5 Nxe4 23. fxe4 Qh3 24. Qd8 Qxg3+ 25. Kf1 Qh3+ 26. Ke1 Qh1+ 27. Bf1 f6 28.
Qd3 Bxe4 29. Qc4+ Kh8 30. Bf2 Bg2 31. Bg3 Bxf1 32. Qxf1 Qe4+ 33. Kf2 Qxb4 34.
Rc1 Rd8 35. Kg2 Rd2+ 36. Kh3 Qe4 37. Re1 Qd5 38. Re2 Rd1 39. Qf5 Qd8 40. h5 h6
41. Rg2 Qe7 42. Ra2 Rd8 43. Ra7 Qxc5 44. Rxb7 Qd5 45. Rb1 c5 46. Bf2 c4 47. Be3
Qd3 48. Qxd3 Rxd3 49. Re1 c3 50. Kg4 c2 51. Kf3 Rd1 52. Ke2 Rxe1+ 53. Kxe1 Kg8
54. Kd2 Kf7 55. Kxc2 Ke6 56. Bc5 Kf5 57. Bf8 g6 58. hxg6 Kxg6 59. Kd3 h5 60. Ke4
Kg5 61. Kf3 Kf5 62. Kg3 Ke4 63. Kh4 Kf4 64. Bd6 f5 65. Kxh5 Ke4 66. Bc7 f4 67.
Kg4 f3 68. Bb6 f2 69. Bxf2 Kd3 1/2-1/2

[Event "XXV Miedzynarodowy Festiwal Szachowy w Poznaniu - OPEN A"]
[Site "Poznan"]
[Date "2017.08.22"]
[Round "4.7"]
[White "Raczynski, Krzysztof "]
[Black "Banach, Szymon "]
[Result "1-0"]
[WhiteTitle ""]
[BlackTitle ""]
[WhiteElo "2208"]
[BlackElo "2040"]

1. e4 c5 2. Nf3 d6 3. d4 cxd4 4. Nxd4 Nf6 5. Nc3 g6 6. Be3 Bg7 7. f3 O-O 8. Qd2
Nc6 9. Bc4 Bd7 10. h4 h5 11. O-O-O Rc8 12. Bb3 Ne5 13. Bg5 Rc5 14. Kb1 b5 15.
g4 a5 16. gxh5 a4 17. h6 Bh8 18. Bd5 e6 19. h7+ Kg7 20. h5 exd5 21. Bh6+ Kxh7
22. hxg6+ Nxg6 23. Bxf8+ Kg8 24. Bxd6 Rc4 25. e5 Ne8 26. Qh6 Nxd6 27. Qh7+ Kf8
28. Qxh8+ 1-0

[Event "XXV Miedzynarodowy Festiwal Szachowy w Poznaniu - OPEN A"]
[Site "Poznan"]
[Date "2017.08.22"]
[Round "4.8"]
[White "Nowak, Rafal "]
[Black "Koitka, Jakub"]
[Result "1-0"]
[WhiteTitle ""]
[BlackTitle ""]
[WhiteElo "1996"]
[BlackElo "2144"]

1. e4 c5 2. Nf3 Nc6 3. d4 cxd4 4. Nxd4 Nf6 5. Nc3 d6 6. Bg5 e6 7. Qd2 a6 8. O-O-O
Bd7 9. f4 b5 10. Nxc6 Bxc6 11. Bd3 h6 12. Bxf6 gxf6 13. Kb1 Qb6 14. Rhf1 Qc5 15.
e5 f5 16. exd6 O-O-O 17. g4 Rxd6 18. gxf5 Rg8 19. Qf2 Qxf2 20. Rxf2 exf5 21. Bxf5+
Kc7 22. Re1 b4 23. Ne4 Rd5 24. Nf6 Rxf5 25. Nxg8 Bc5 26. Rd2 h5 27. Ne7 Rxf4 28.
Nd5+ Bxd5 29. Rxd5 Kc6 30. Rxh5 f5 31. c3 bxc3 32. bxc3 Kd5 33. Rh8 Bf2 34. Re2
Kc4 35. Kc2 Rf3 36. Rc8+ Bc5 37. Kb2 Kd3 38. Re5 Be3 39. Rd8+ Kc4 40. Rc8+ Kd3
41. Kb3 f4 42. Rd8+ Ke2 43. Kc4 Rf1 44. h4 Rh1 45. h5 Kf2 46. Rf8 Rh4 47. Kd3
Bc1 48. c4 f3 49. Ref5 Rh3 50. c5 Ba3 51. Rxf3+ 1-0

[Event "XXV Miedzynarodowy Festiwal Szachowy w Poznaniu - OPEN A"]
[Site "Poznan"]
[Date "2017.08.22"]
[Round "4.9"]
[White "Jedras, Piotr"]
[Black "Dzwikowski, Adam "]
[Result "1-0"]
[WhiteTitle ""]
[BlackTitle ""]
[WhiteElo "2091"]
[BlackElo "1975"]

1. e4 c5 2. Nf3 d6 3. d4 cxd4 4. Nxd4 Nf6 5. Nc3 a6 6. Bg5 Nbd7 7. Bc4 b5 8. Bd5
Nxd5 9. Nxd5 Bb7 10. O-O h6 11. Ne6 Bxd5 12. Nxd8 Bc4 13. Nxf7 Bxf7 14. Be3 Ne5
15. a4 b4 16. Qd4 a5 17. Qb6 Nd7 18. Qc6 Rb8 19. Ba7 Rd8 20. Bb6 Rb8 21. Bc7 Rc8
22. Qb7 1-0

[Event "XXV Miedzynarodowy Festiwal Szachowy w Poznaniu - OPEN A"]
[Site "Poznan"]
[Date "2017.08.22"]
[Round "4.10"]
[White "Duszczak, Dariusz"]
[Black "Zadymov, Ihor"]
[Result "0-1"]
[WhiteTitle ""]
[BlackTitle ""]
[WhiteElo "1892"]
[BlackElo "2089"]

1. e4 e5 2. Nc3 Nf6 3. f4 d5 4. exd5 exf4 5. Bb5+ c6 6. dxc6 Nxc6 7. d4 Bb4 8.
Qe2+ Be6 9. Bxc6+ bxc6 10. Nf3 Qd6 11. O-O Bxc3 12. bxc3 O-O 13. Ng5 Bg4 14. Qd3
h6 15. Bxf4 Qd5 16. c4 Qd7 17. Nf3 Bf5 18. Qd1 Rad8 19. c3 Qe6 20. Ne5 Ne4 21.
Rc1 f6 22. Nf3 Qxc4 23. Nd2 Qxa2 24. Nxe4 Bxe4 25. Rf2 Qd5 26. Ra1 Rd7 27. Qg4
Kh7 28. h4 Rff7 29. Rfa2 Rb7 30. Re2 Bf5 31. Qg3 Rfe7 32. Rxe7 Rxe7 33. Bd6 Rb7
34. Bc5 Qd7 35. Qd6 Qxd6 36. Bxd6 Bd3 37. Bb4 Kg6 38. Kf2 a6 39. Re1 Rb5 40. Ra1
Rf5+ 41. Ke3 Bc4 42. g3 Kh5 43. Ra5 Rxa5 44. Bxa5 Kg4 45. Bc7 a5 46. Kf2 a4 47.
Bd6 g6 48. Ba3 g5 49. hxg5 fxg5 50. Bd6 h5 51. Ke1 a3 52. Bxa3 Kxg3 53. Be7 g4
54. Kd2 Kf3 55. Bh4 g3 56. Ke1 Kg4 57. Bf6 h4 0-1

[Event "XXV Miedzynarodowy Festiwal Szachowy w Poznaniu - OPEN A"]
[Site "Poznan"]
[Date "2017.08.22"]
[Round "4.11"]
[White "Nowak, Mikolaj "]
[Black "Motyl, Tomasz"]
[Result "1/2-1/2"]
[WhiteTitle ""]
[BlackTitle ""]
[WhiteElo "2076"]
[BlackElo "2027"]

1. e4 c6 2. d4 d5 3. Nd2 dxe4 4. Nxe4 Bf5 5. Ng3 Bg6 6. h4 h6 7. Nf3 Nd7 8. h5
Bh7 9. Bd3 Bxd3 10. Qxd3 e6 11. Bd2 Qc7 12. O-O-O Ngf6 13. Ne4 Nxe4 14. Qxe4 Bd6
15. g3 O-O-O 16. c4 Nf6 17. Qe2 c5 18. Bc3 cxd4 19. Nxd4 a6 20. Nb3 Rd7 21. Kb1
Bc5 22. Rxd7 Kxd7 23. Qf3 Be7 24. Na5 Rc8 25. Rd1+ Ke8 26. Qxb7 Qxb7 27. Nxb7
Rxc4 28. Bxf6 gxf6 29. Nd6+ Bxd6 30. Rxd6 a5 31. Ra6 Rc5 32. g4 Kf8 33. a3 f5
34. f3 Kg7 35. Ka2 Kf6 36. b4 axb4 37. axb4 Rc2+ 38. Kb3 Rf2 39. gxf5 Rxf3+ 40.
Kc4 Rf4+ 41. Kc5 Rxf5+ 42. Kc6 Rxh5 43. b5 Rh1 44. b6 Rc1+ 45. Kd7 Rb1 46. Kc7
Rc1+ 47. Kd7 1/2-1/2

[Event "XXV Miedzynarodowy Festiwal Szachowy w Poznaniu - OPEN A"]
[Site "Poznan"]
[Date "2017.08.22"]
[Round "4.12"]
[White "Zakoscielna, Kinga "]
[Black "Stachowiak, Slawomir "]
[Result "1-0"]
[WhiteTitle ""]
[BlackTitle ""]
[WhiteElo "2059"]
[BlackElo "1915"]

1. d4 d5 2. c4 e6 3. cxd5 exd5 4. Nc3 Nf6 5. Bg5 Be7 6. e3 c6 7. Bd3 O-O 8. Qc2
Nbd7 9. Nge2 Re8 10. O-O h6 11. Bh4 Nf8 12. f3 N6h7 13. Bf2 Bh4 14. e4 Bxf2+ 15.
Rxf2 Ng5 16. e5 Nge6 17. f4 c5 18. dxc5 Nxc5 19. Bb5 Bd7 20. Bxd7 Ncxd7 21. Rd1
f6 22. Nxd5 fxe5 23. Nc7 e4 24. Nxe8 Qxe8 25. Ng3 Nf6 26. Re1 Rc8 27. Qb3+ Kh8
28. Qxb7 Rb8 29. Qxa7 Ra8 30. Qb7 Rxa2 31. Nxe4 Ng4 32. Rfe2 Qd8 33. h3 Qd4+ 34.
Kh1 Nf6 35. Qf7 Ra8 36. Nxf6 Qxf6 37. Qxf6 gxf6 38. Re8 Rxe8 39. Rxe8 Kg7 40.
f5 h5 41. b4 Nh7 42. Re7+ Kg8 43. Rxh7 Kxh7 44. b5 1-0

[Event "XXV Miedzynarodowy Festiwal Szachowy w Poznaniu - OPEN A"]
[Site "Poznan"]
[Date "2017.08.22"]
[Round "4.13"]
[White "Walkowski, Milosz"]
[Black "Bednarska-bzdega, Malgorzata "]
[Result "1/2-1/2"]
[WhiteTitle ""]
[BlackTitle ""]
[WhiteElo "1772"]
[BlackElo "2047"]

1. d4 d5 2. c4 e6 3. Nf3 Nf6 4. Nc3 Be7 5. Bg5 h6 6. Bh4 O-O 7. e3 b6 8. Bd3 Bb7
9. cxd5 Nxd5 10. Bxe7 Qxe7 11. O-O Nxc3 12. bxc3 c5 13. Qe2 Rc8 14. a4 Nc6 15.
Ba6 Bxa6 16. Qxa6 Rc7 17. Qb5 cxd4 18. cxd4 Rac8 19. Rac1 Nxd4 20. Rxc7 Nxf3+
21. gxf3 Rxc7 22. Rd1 Qg5+ 23. Kf1 Qxb5+ 24. axb5 Kf8 25. f4 Ke7 26. Kg2 Rc5 27.
Ra1 Rxb5 28. Rxa7+ Kf6 29. Kf3 Rb1 30. Rb7 b5 31. e4 h5 32. h4 g6 33. e5+ Kg7
34. Rb8 Rg1 35. Rxb5 Rg4 36. Rb1 Rxh4 37. Rg1 Rh3+ 38. Kg2 Rd3 39. Ra1 Kf8 40.
Ra7 Ke8 41. Ra8+ Ke7 42. f3 Rd8 43. Ra7+ Rd7 44. Ra8 Rb7 45. Kg3 Rb4 46. Rh8 Rd4
47. Ra8 Rd8 48. Ra7+ Kf8 49. Rb7 Rd4 50. Rb1 h4+ 51. Kg4 h3 52. Rh1 1/2-1/2

[Event "XXV Miedzynarodowy Festiwal Szachowy w Poznaniu - OPEN A"]
[Site "Poznan"]
[Date "2017.08.22"]
[Round "4.14"]
[White "Madrawski, Krzysztof "]
[Black "Niedbala, Wojciech "]
[Result "1/2-1/2"]
[WhiteTitle ""]
[BlackTitle ""]
[WhiteElo "2043"]
[BlackElo "1908"]

1. Nf3 c5 2. c4 Nf6 3. g3 e6 4. Bg2 d5 5. cxd5 exd5 6. O-O Nc6 7. d4 h6 8. Nc3
Be6 9. a3 Rc8 10. dxc5 Bxc5 11. b4 Be7 12. Bb2 O-O 13. Nd4 a6 14. Nxe6 fxe6 15.
Bh3 Qd6 16. e4 Rcd8 17. exd5 exd5 18. Ne2 Ne4 19. Nf4 Bf6 20. Bxf6 Rxf6 21. Bg2
Nc3 22. Qb3 Rxf4 23. Qxc3 Rf7 24. Rad1 d4 25. Qb3 Kf8 26. Rfe1 d3 27. Bxc6 bxc6
28. Qc4 Qd4 29. Qxd4 Rxd4 30. Re3 d2 31. Kf1 Rf6 32. Ke2 a5 33. bxa5 Rd5 34. f4
Rfd6 35. a6 Ra5 36. Rxd2 Rxd2+ 37. Kxd2 Rxa6 38. Rc3 Ke7 39. Kd3 Kd6 40. Ke4 Ke6
41. f5+ Kf6 42. g4 Ra4+ 43. Kf3 Kg5 44. h3 h5 45. Rxc6 hxg4+ 46. hxg4 Rxa3+ 47.
Ke4 Ra4+ 48. Ke5 Ra5+ 49. Ke4 Ra4+ 1/2-1/2

[Event "XXV Miedzynarodowy Festiwal Szachowy w Poznaniu - OPEN A"]
[Site "Poznan"]
[Date "2017.08.22"]
[Round "4.15"]
[White "Glatty, Zbigniew "]
[Black "Malyovanyi, Yulian "]
[Result "0-1"]
[WhiteTitle ""]
[BlackTitle ""]
[WhiteElo "1879"]
[BlackElo "2006"]

1. e4 c5 2. Nf3 e6 3. d4 cxd4 4. Nxd4 a6 5. Bd3 Nf6 6. O-O Qc7 7. Nc3 Nc6 8. Nb3
b5 9. a3 Bb7 10. f4 d6 11. Be3 Be7 12. Qf3 O-O 13. g4 Rfd8 14. Qh3 Nd7 15. Nd5
exd5 16. exd5 Nf8 17. dxc6 Qxc6 18. g5 Re8 19. Nd4 Qd5 20. Nf5 Ng6 21. Rad1 Qc6
22. Nd4 Qc7 23. f5 Ne5 24. f6 Nxd3 25. Rxd3 Bf8 26. fxg7 Bxg7 27. Nf5 Qxc2 28.
Rd2 Qb3 29. Nxg7 Rxe3 30. Qd7 Rg3+ 31. Kf2 Qe3# 0-1

[Event "XXV Miedzynarodowy Festiwal Szachowy w Poznaniu - OPEN A"]
[Site "Poznan"]
[Date "2017.08.22"]
[Round "4.16"]
[White "Olejarczyk, Wojciech "]
[Black "Michalski, Karol "]
[Result "0-1"]
[WhiteTitle ""]
[BlackTitle ""]
[WhiteElo "1820"]
[BlackElo "1992"]

1. d4 d5 2. c4 e6 3. Nc3 c6 4. e3 f5 5. b3 Nf6 6. Bd3 Bd6 7. Nf3 O-O 8. Bb2 Ne4
9. Qc2 Nd7 10. O-O-O Qe7 11. Rdf1 Ba3 12. Ne5 Nxe5 13. dxe5 Bd7 14. f3 Nxc3 15.
Qxc3 a5 16. f4 b5 17. Bxa3 Qxa3+ 18. Qb2 Qb4 19. cxb5 cxb5 20. Qd2 Rfc8+ 21. Kd1
Qa3 22. Ke2 Rc7 23. h3 Rac8 24. g4 Rc3 25. Rhg1 Qc5 26. gxf5 exf5 27. Rd1 b4 28.
Kf2 Be6 29. Rg5 d4 30. e4 fxe4 31. Bxe4 Re3 32. Bg2 Qc2 33. Kg1 Qxd2 34. Rxd2
Rc1+ 35. Kf2 h6 36. Rg3 Rcc3 37. Rg6 Kf7 38. Rxe6 Kxe6 39. Rxd4 Red3 40. Rxd3
Rxd3 41. Bf3 Rd2+ 42. Ke3 Rxa2 43. Ke4 Rb2 44. Bg4+ Ke7 45. Bd1 Rb1 46. Bc2 Rh1
47. Bd3 Rxh3 48. Bc4 Rc3 49. f5 a4 0-1

[Event "XXV Miedzynarodowy Festiwal Szachowy w Poznaniu - OPEN A"]
[Site "Poznan"]
[Date "2017.08.22"]
[Round "4.17"]
[White "Purzycki, Jan Dawid"]
[Black "Szymanski, Zbigniew"]
[Result "1-0"]
[WhiteTitle ""]
[BlackTitle ""]
[WhiteElo "1982"]
[BlackElo "1844"]

1. g3 c6 2. Nf3 d6 3. d4 Qc7 4. c4 e5 5. Nc3 Be7 6. e4 Bg4 7. Bg2 Nf6 8. h3 Bxf3
9. Bxf3 Nbd7 10. Be3 O-O 11. O-O a5 12. Qc2 Rfe8 13. Bg2 b5 14. cxb5 cxb5 15.
Rac1 Qb7 16. dxe5 dxe5 17. Nd5 Nxd5 18. exd5 Rac8 19. Qc6 Nc5 20. Rxc5 Rxc6 21.
dxc6 Qc7 22. Rxb5 Bd6 23. Rb7 Qc8 24. Rd1 Rd8 25. Bb6 Bc7 26. Rxd8+ Bxd8 27. Bxd8
Qxd8 28. c7 1-0

[Event "XXV Miedzynarodowy Festiwal Szachowy w Poznaniu - OPEN A"]
[Site "Poznan"]
[Date "2017.08.22"]
[Round "4.18"]
[White "Kozlowska, Marzena "]
[Black "Lesien, Przemyslaw "]
[Result "0-1"]
[WhiteTitle ""]
[BlackTitle ""]
[WhiteElo "1970"]
[BlackElo "1763"]

1. e4 c5 2. Nf3 a6 3. d4 cxd4 4. Nxd4 Nf6 5. Bd3 e5 6. Nb3 d5 7. exd5 e4 8. Be2
Qxd5 9. O-O Nc6 10. Nc3 Qxd1 11. Rxd1 Bb4 12. Na4 b5 13. Nac5 O-O 14. Bg5 Bf5
15. Rd6 Bxc5 16. Nxc5 Rfc8 17. c3 Ne5 18. Nxa6 Ne8 19. Rb6 f6 20. Be3 Nd3 21.
Bxd3 exd3 22. Nb4 Rd8 23. Rxb5 Be6 24. Bd4 Bxa2 25. Nxa2 d2 26. g3 Rxa2 27. Rd1
Nd6 28. Rb4 Ne4 29. f3 Rda8 30. Kf1 Ra1 31. Ke2 Rxd1 32. fxe4 Rh1 33. Kxd2 Rxh2+
34. Ke3 Re8 35. Kf3 Rh1 36. Rc4 Rf1+ 37. Bf2 Rd8 38. Ke2 Rc1 39. b4 Rc2+ 40. Ke3
Rdd2 41. Bg1 Rd1 42. Bf2 Rf1 43. b5 Rfxf2 44. Kd4 Rfd2+ 45. Kc5 Rd8 46. b6 Rc8+
47. Kd5 Rxc3 48. Rb4 Rb8 49. Kd6 Kf7 50. b7 0-1

[Event "XXV Miedzynarodowy Festiwal Szachowy w Poznaniu - OPEN A"]
[Site "Poznan"]
[Date "2017.08.22"]
[Round "4.19"]
[White "Pawlowski, Rafal "]
[Black "Rozumek, Krzysztof "]
[Result "1/2-1/2"]
[WhiteTitle ""]
[BlackTitle ""]
[WhiteElo "1752"]
[BlackElo "1952"]

1. d4 Nf6 2. Nf3 d5 3. Bf4 c6 4. e3 Bf5 5. Bd3 Bg6 6. O-O e6 7. h3 Bd6 8. Ne5 Bc7
9. Bg5 Bxd3 10. cxd3 Nbd7 11. f4 Qb8 12. Nc3 Bb6 13. Qf3 g6 14. a4 a5 15. g4 h6
16. Bh4 Qa7 17. Rac1 Ng8 18. Nxd7 Kxd7 19. f5 exf5 20. Nxd5 Re8 21. Nxb6+ Qxb6
22. gxf5 g5 23. Bg3 f6 24. Bf2 Qb3 25. Rc3 Qxa4 26. d5 Ne7 27. dxc6+ bxc6 28.
Rc4 Qb5 29. Rd4+ Kc8 30. Rd6 Qxf5 31. Rxc6+ Kd7 32. Rxf6 Qxf3 33. Rxf3 Rb8 34.
e4 Rhg8 35. Bd4 g4 36. hxg4 Rxg4+ 37. Kf2 Rbg8 38. Ke3 h5 39. Bf6 Nc6 40. d4 Re8
41. Rf4 Rg3+ 42. R1f3 Rg2 43. Rf2 Rg3+ 44. R2f3 Rg2 45. Rf2 1/2-1/2

[Event "XXV Miedzynarodowy Festiwal Szachowy w Poznaniu - OPEN A"]
[Site "Poznan"]
[Date "2017.08.22"]
[Round "4.20"]
[White "Wawrzyniak, Pawel"]
[Black "Malaczek, Mateusz"]
[Result "0-1"]
[WhiteTitle ""]
[BlackTitle ""]
[WhiteElo "1749"]
[BlackElo "1950"]

1. d4 g6 2. e4 Bg7 3. Nc3 d6 4. Be3 a6 5. Qd2 Nd7 6. h4 h5 7. Nh3 b5 8. Ng5 Nb6
9. d5 Bb7 10. Bd4 Nf6 11. a4 bxa4 12. Nxa4 O-O 13. Be2 Nxa4 14. Rxa4 Qd7 15. Ra3
c6 16. dxc6 Bxc6 17. O-O e5 18. Be3 Nxe4 19. Nxe4 Bxe4 20. Rd1 Qb7 21. Rb3 Qe7
22. Rb4 d5 23. c3 Rfd8 24. Bb6 Rdb8 25. f3 Rxb6 26. fxe4 Rxb4 27. cxb4 d4 28.
g3 Qb7 29. Bd3 Bf8 30. Rf1 Bxb4 31. Qf2 Rf8 32. Kh2 a5 33. Qe2 Kg7 34. Bc4 f6
35. Bd5 Qc7 36. Rf2 Qc1 37. Kg2 Qe3 38. Qa6 d3 39. Rf3 Qe2+ 40. Rf2 Qd1 41. Qc6
d2 42. Qd7+ Kh6 43. Rxf6 Rxf6 0-1

[Event "XXV Miedzynarodowy Festiwal Szachowy w Poznaniu - OPEN A"]
[Site "Poznan"]
[Date "2017.08.22"]
[Round "4.21"]
[White "Sacharewicz, Krzysztof "]
[Black "Nadstoga, Wojciech "]
[Result "1/2-1/2"]
[WhiteTitle ""]
[BlackTitle ""]
[WhiteElo "1800"]
[BlackElo "1926"]

1. d4 Nf6 2. Nf3 g6 3. c4 Bg7 4. Nc3 d6 5. Bf4 O-O 6. e3 c6 7. Be2 a5 8. h3 Na6
9. O-O Bd7 10. a3 Ne8 11. Qd2 Rb8 12. Rfb1 b5 13. b4 a4 14. Ra2 Nac7 15. e4 f6
16. Bh6 e5 17. Rd1 Bxh6 18. Qxh6 Qe7 19. Rad2 Be6 20. d5 cxd5 21. cxd5 Bd7 22.
Qe3 Rb7 23. Rc2 Kh8 24. Nh2 f5 25. Bd3 f4 26. Qf3 h5 27. Be2 Nf6 28. Qd3 g5 29.
f3 Rg8 30. Rdc1 Nce8 31. Nd1 g4 32. fxg4 hxg4 33. hxg4 Qh7 34. Nf2 Qh4 35. Qh3
Qh7 36. Qxh7+ Kxh7 37. Bf3 Kg6 38. Rc3 Kf7 39. Be2 Ke7 40. g3 Kd8 41. gxf4 exf4
42. Kg2 Rc7 43. Rxc7 Nxc7 44. Kf3 Rf8 45. Rh1 Bc8 46. Nf1 Bb7 47. Bd3 Nd7 48.
Nd2 Ne5+ 49. Ke2 Rg8 50. Nf3 Nxg4 51. Rg1 Nf6 52. Rxg8+ Nxg8 53. Nd4 Ba6 54. Nh3
Nh6 55. Nxf4 Ng4 56. Nfe6+ Nxe6 57. Nxe6+ Kc8 58. Nd4 Ne5 59. Bxb5 Bxb5+ 60. Nxb5
Kd7 61. Ke3 Ke7 62. Kd4 Nf3+ 63. Kc3 Kd7 64. Nd4 Ng5 65. Kd3 Kc8 66. Ne2 Nf3 67.
Nc3 Ne5+ 68. Kd4 Nf3+ 69. Kc4 Kb7 70. Nxa4 Nd2+ 71. Kd3 Nb1 72. Nb2 Nxa3 73. Nc4
Nb5 74. Nxd6+ Nxd6 75. e5 Ne8 76. Ke4 Kc7 77. Kf5 Kd7 78. Kg6 Nc7 79. d6 Ne8 80.
Kf5 Nxd6+ 81. exd6 Kxd6 1/2-1/2

[Event "XXV Miedzynarodowy Festiwal Szachowy w Poznaniu - OPEN A"]
[Site "Poznan"]
[Date "2017.08.22"]
[Round "4.22"]
[White "Sobczak, Miroslaw"]
[Black "Lisiecki, Robert "]
[Result "1-0"]
[WhiteTitle ""]
[BlackTitle ""]
[WhiteElo "1925"]
[BlackElo "1772"]

1. e4 c5 2. Nf3 d6 3. d4 cxd4 4. Nxd4 Nf6 5. Nc3 a6 6. Bg5 e6 7. f4 Qb6 8. a3 Be7
9. Nb3 Nbd7 10. Qf3 h6 11. Bh4 Nxe4 12. Bxe7 Nxc3 13. Qxc3 Kxe7 14. Qxg7 Qe3+
15. Be2 Rd8 16. Qxh6 b6 17. Qh4+ Nf6 18. Qf2 Qxf2+ 19. Kxf2 Bb7 20. Bf3 Ne4+ 21.
Ke3 f5 22. g4 Nc5 23. Bxb7 Nxb3 24. cxb3 1-0

[Event "XXV Miedzynarodowy Festiwal Szachowy w Poznaniu - OPEN A"]
[Site "Poznan"]
[Date "2017.08.22"]
[Round "4.23"]
[White "Lascar, Radoslawa"]
[Black "Niemier, Hubert"]
[Result "0-1"]
[WhiteTitle ""]
[BlackTitle ""]
[WhiteElo "1778"]
[BlackElo "1924"]

1. e4 c6 2. Nc3 d5 3. Nf3 Bg4 4. h3 Bh5 5. exd5 cxd5 6. Bb5+ Nc6 7. g4 Bg6 8. Ne5
Qd6 9. d4 a6 10. Bxc6+ bxc6 11. Bf4 f6 12. Nxg6 Qe6+ 13. Ne5 fxe5 14. Bxe5 Nf6
15. Qe2 h5 16. g5 Nd7 17. Bg3 Qxe2+ 18. Nxe2 h4 19. Bh2 Kf7 20. O-O-O Re8 21.
f4 e6 22. Ng1 Bd6 23. Nf3 c5 24. Rhf1 c4 25. f5 Bxh2 26. Nxh2 Nb6 27. Ng4 exf5
28. Rxf5+ Kg6 29. Re5 Rhf8 30. Rxe8 Rxe8 31. Ne5+ Kxg5 32. Rg1+ Kf4 33. Ng6+ Kf3
34. Nxh4+ Kf2 35. Rxg7 Kf1 36. Kd2 Re4 37. Rg4 Re2+ 38. Kc3 a5 39. b3 Re3+ 40.
Kb2 Rxh3 41. Nf5 c3+ 42. Ka3 Rf3 43. Ng3+ Kf2 44. Nh1+ Ke3 45. Rg6 Rf6 46. Rg7
Kxd4 47. Re7 Rf3 48. Re2 a4 49. Kb4 axb3 50. axb3 Nd7 51. Nf2 Ne5 52. Kb5 Ng6
53. Nd1 Nf4 54. Rh2 Rf1 55. Nf2 Rc1 56. Ng4 Rg1 57. Nf2 Rg2 58. Rxg2 Nxg2 59.
Nd3 Ne3 60. Nb4 Ke4 61. Kc5 d4 62. Na2 Nxc2 63. Nxc3+ Kd3 64. Nb1 Ke2 65. Kc4
d3 66. Kc3 Na3 67. Nxa3 d2 68. Nb5 d1=Q 69. Nd4+ Ke3 70. Nc2+ Ke4 71. b4 Qd3+
72. Kb2 Qd5 0-1

[Event "XXV Miedzynarodowy Festiwal Szachowy w Poznaniu - OPEN A"]
[Site "Poznan"]
[Date "2017.08.22"]
[Round "4.24"]
[White "Kozlowski, Tomasz"]
[Black "Wojciechowski, Antoni"]
[Result "0-1"]
[WhiteTitle ""]
[BlackTitle ""]
[WhiteElo "1918"]
[BlackElo "1581"]

1. e4 e5 2. Nc3 Nf6 3. f4 d6 4. Nf3 Bg4 5. h3 Bxf3 6. Qxf3 Nbd7 7. f5 c6 8. d3
Qb6 9. g4 g6 10. Be2 O-O-O 11. a4 a5 12. Be3 Qxb2 13. Kd2 d5 14. Rhb1 Qxa1 15.
Rxa1 d4 16. Bg5 Bb4 17. Rb1 dxc3+ 18. Ke1 Rhf8 19. Kf2 Be7 20. Kg2 Kc7 21. Be3
Nc5 22. g5 Nfd7 23. f6 Bd6 24. Qf2 Nxa4 25. d4 exd4 26. Bxd4 b5 27. Qe3 Bc5 28.
Qg3+ Kb6 29. Bxc3 Nxc3 30. Qxc3 Rfe8 31. Qb3 Rxe4 32. Bf3 Rb4 33. Qa2 Ne5 34.
Rd1 Rbd4 35. Rxd4 Rxd4 36. c3 Rd3 37. Be4 Rxc3 38. Qd2 Re3 39. Qd8+ Kb7 40. Qe7+
Bxe7 41. fxe7 Rxe4 42. e8=Q Kb6 43. Qd8+ Ka6 44. Qh8 b4 45. Qb8 a4 46. Qd6 Kb6
47. h4 b3 48. h5 Kb5 49. h6 c5 50. Qb8+ Kc4 51. Kf2 a3 52. Qa8 Rf4+ 53. Ke3 Rf3+
54. Ke2 b2 55. Qa4+ Kc3 56. Qxa3+ Kc2 57. Qa4+ Rb3 58. Qe4+ Rd3 59. Qa4+ Kc1 60.
Qf4+ Kb1 61. Qxe5 Ka2 62. Kxd3 b1=Q+ 63. Kc4 Qc2+ 64. Kb5 c4 65. Kb4 Qb3+ 66.
Kc5 c3 67. Qe2+ c2 68. Qf1 Qa3+ 69. Kd4 c1=Q 70. Qxf7+ Qb3 71. Qxh7 Qce3# 0-1

[Event "XXV Miedzynarodowy Festiwal Szachowy w Poznaniu - OPEN A"]
[Site "Poznan"]
[Date "2017.08.22"]
[Round "4.25"]
[White "Wojdak, Jan"]
[Black "Kaluzny, Tomasz"]
[Result "1/2-1/2"]
[WhiteTitle ""]
[BlackTitle ""]
[WhiteElo "1624"]
[BlackElo "1890"]

1. e4 g6 2. d4 Bg7 3. Nf3 e6 4. Nc3 Ne7 5. Be3 O-O 6. Qd2 a6 7. Bh6 b5 8. a3 Bb7
9. h4 f5 10. e5 Bxf3 11. gxf3 Rf7 12. h5 Bxh6 13. Qxh6 Qf8 14. Qf4 gxh5 15. O-O-O
Ng6 16. Qg5 Rg7 17. Qxh5 Nc6 18. Qh6 b4 19. Na4 bxa3 20. b3 Qb4 21. Qe3 Nce7 22.
Bc4 c6 23. Nc5 Nd5 24. Bxd5 cxd5 25. c3 Qb5 26. Rdg1 a5 27. Qd3 Qxd3 28. Nxd3
Kf7 29. Kc2 Ne7 30. Rxg7+ Kxg7 31. Ra1 h5 32. Nf4 h4 33. Rxa3 Nc6 34. Ra1 Rh8
35. Rh1 Kf7 36. Rh3 Ne7 37. Kb2 Ng6 38. Nxg6 Kxg6 39. b4 Kh5 40. Kb3 axb4 41.
cxb4 Rc8 42. b5 Rc4 43. Rh1 Kg5 44. Rb1 Kf4 45. b6 Rc8 46. b7 Rb8 47. Ka4 h3 48.
Ka5 h2 49. Ka6 Kxf3 50. Ka7 Rg8 51. b8=Q Rxb8 52. Kxb8 f4 53. Kc7 Kxf2 54. Kxd7
f3 55. Kxe6 Kg2 56. Kd6 1/2-1/2

[Event "XXV Miedzynarodowy Festiwal Szachowy w Poznaniu - OPEN A"]
[Site "Poznan"]
[Date "2017.08.22"]
[Round "4.26"]
[White "Kukorowski, Jan"]
[Black "Zielinski, Olgierd "]
[Result "0-1"]
[WhiteTitle ""]
[BlackTitle ""]
[WhiteElo "1670"]
[BlackElo "1869"]

1. e4 c5 2. Nf3 d6 3. Bb5+ Bd7 4. Bxd7+ Nxd7 5. d4 cxd4 6. Qxd4 Ngf6 7. c4 g6 8.
O-O Bg7 9. Nc3 O-O 10. Bg5 Nc5 11. Qe3 Ne6 12. Bh4 Ng4 13. Qe2 Bxc3 14. bxc3 Ne5
15. Nd2 f6 16. f4 Nd7 17. Rf3 Nec5 18. Rh3 Qe8 19. Rf1 Rc8 20. Rff3 Qf7 21. Bf2
b6 22. Rh6 Rfd8 23. Nb3 Ne6 24. f5 Ng5 25. Rg3 Qxc4 26. Qxc4+ Rxc4 27. fxg6 hxg6
28. h4 Nxe4 29. Rgxg6+ Kf7 30. h5 Nxf2 31. Kxf2 e5 32. Rh7+ Ke6 33. Rg3 Ra4 34.
h6 Rxa2+ 35. Kg1 Rb2 36. c4 a5 37. Rhg7 Rh8 38. h7 a4 39. Nc1 Rb1 40. Rc3 Nc5
41. Kh2 Ne4 42. Rh3 Ng5 43. Rh6 Rxc1 44. Rxg5 Rxh7 45. Rxe5+ dxe5 46. Rxh7 Rxc4
0-1

[Event "XXV Miedzynarodowy Festiwal Szachowy w Poznaniu - OPEN A"]
[Site "Poznan"]
[Date "2017.08.22"]
[Round "4.27"]
[White "Wilk, Oktawia"]
[Black "Hoffmann, Kacper "]
[Result "1-0"]
[WhiteTitle ""]
[BlackTitle ""]
[WhiteElo "1848"]
[BlackElo "1588"]

1. e4 d6 2. d4 Nf6 3. Nc3 g6 4. Be2 Bg7 5. Be3 O-O 6. h3 c6 7. Qd2 b5 8. a3 a5
9. Bh6 Bb7 10. Bxg7 Kxg7 11. Bf3 e5 12. O-O-O Na6 13. h4 b4 14. Nb1 c5 15. dxe5
dxe5 16. Qe3 Qe7 17. h5 Rad8 18. hxg6 fxg6 19. Ne2 Rxd1+ 20. Rxd1 Rd8 21. Ng3
Rxd1+ 22. Bxd1 Nc7 23. f3 Nh5 24. Ne2 Ne8 25. a4 Nf4 26. c3 Nxe2+ 27. Bxe2 Nc7
28. Bc4 Ba6 29. Nd2 Bc8 30. Nb3 Be6 31. Nxa5 Qh4 32. Qd2 bxc3 33. bxc3 Qe7 34.
Nc6 Qf6 35. Bxe6 Nxe6 36. Qd7+ Kh6 37. Qd6 Qh4 38. Qxe6 Qe1+ 39. Kc2 Qe2+ 40.
Kb3 Qd1+ 41. Kc4 Qe2+ 42. Kxc5 Qe3+ 43. Kb5 Qd3+ 44. c4 1-0

[Event "XXV Miedzynarodowy Festiwal Szachowy w Poznaniu - OPEN A"]
[Site "Poznan"]
[Date "2017.08.22"]
[Round "4.28"]
[White "Simon, Marek "]
[Black "Kwiatkowski, Jacek "]
[Result "1-0"]
[WhiteTitle ""]
[BlackTitle ""]
[WhiteElo "1837"]
[BlackElo "1751"]

1. d4 c5 2. d5 e5 3. e4 d6 4. Nc3 Be7 5. Bd3 Bg5 6. Nf3 Bxc1 7. Qxc1 a6 8. a4 Bg4
9. Nd2 b6 10. h3 Bc8 11. Nc4 Nh6 12. g4 f6 13. f4 Nf7 14. f5 Ra7 15. Qe3 Rb7 16.
Na3 Qc7 17. Kd2 Bd7 18. b3 Qd8 19. Qe2 Ra7 20. Nc4 Qc7 21. Ne3 O-O 22. h4 Be8
23. Nf1 Qe7 24. Nh2 Nh8 25. Nf3 Qd8 26. Qg2 Rb7 27. Qf1 Ra7 28. Ne2 Rb7 29. Nc3
Ra7 30. Rg1 Rff7 31. g5 Rf8 32. gxf6 Qxf6 33. Ng5 Qh6 34. Qh3 Nf7 35. Qg3 Kh8
36. Kc1 Nd7 37. Kb2 Nf6 38. Ne6 Nh5 39. Qg4 Rg8 40. Ne2 Rb7 41. Bxa6 Ra7 42. Bb5
Nf6 43. Qf3 Bxb5 44. axb5 Rxa1 45. Rxa1 Qxh4 46. Nc3 Ng5 47. Nxg5 Qxg5 48. Ra6
Nd7 49. Ra7 Qd8 50. Qh1 Rf8 51. Qa1 Qc8 52. Qa6 Qxa6 53. bxa6 Rd8 54. Rb7 h6 55.
a7 Kh7 56. Rxd7 1-0